000 00763nam0a22002531 4500
001 rc\2769167
005 20250806204141.0
035 _a(NLR Aleph) 006895567
090 _a25799
_c25799
100 _a20110915d1941 u y0rusy50 ca
101 0 _arus
102 _aRU
105 _aa z |||a|
200 1 _aВиктор Вавич
_eРоман в 3 книгах
210 _aМосква
_cСов. писатель
_d1941
215 _a568 с.
_cил.
_d23 см.
700 1 _aЖитков
_bБ.С.
_f1882-1938
_gБорис Степанович
801 0 _aRU
_bNLR
_gpsbo
801 1 _aRU
_bELAR
_2rusmarc
852 _aNLR
_jЛ30 Г-5/12
942 _cBOOK
945 _aРоссийская национальная библиотека
980 _aNB
980 _aBV